Qualitative Analysis - Using Semimicro Methods

Bibliographic Details
Main Author: Gilreath, Esmarch S
Format: Section = Libro
Language:Undetermined
Spanish
Published: New York McGraw-Hill 1954
Subjects:
LEADER 00494nam a2200181Ia 4500
008 240830s9999 xx 000 0 und d
040 |a CEDOC FIQ-RUSB / 543 G489 
041 |a spa 
082 |a 543 G489 
100 1 |a Gilreath, Esmarch S 
245 1 0 |a Qualitative Analysis - Using Semimicro Methods 
260 |a New York  |b McGraw-Hill  |c 1954 
300 |a 287 p. 
650 7 |a QUÍMICA ANALíTICA 
650 7 |b  IONIZACIÓN DE ELECTROLITOS DÉBILES 
942 |c BK  |2 ddc 
991 |a TEXTO 
999 |c 13726